Statistics for Bear Knowledge

Click here to take the quiz!

General Stats

  • This quiz has been taken 7,160 times
  • The average score is 15 of 20

Answer Stats

Question Answer % Correct
What is the only country in which giant pandas live in the wild?China
99%
What, primarily, do giant pandas eat?Bamboo
97%
What is the preferred food of coastal grizzly bears during the summer months?Salmon
94%
What do many bears in northern regions do in the winter?Hibernate
93%
Which U.S. President is the namesake of the teddy bear?Theodore Roosevelt
92%
What country has the most wild bears?Canada
92%
What is the preferred food of polar bears?Seals
90%
What country is often symbolized by a bear?Russia
87%
What is the most common species of bear?American Black Bear
87%
What book featured a bear named Baloo?The Jungle Book
82%
Which U.S. state has the most bears?Alaska
77%
What animal, despite its name, is not related to the Giant Panda?{Red} Panda
75%
What conservation organization uses the Giant Panda as its logo?WWF
74%
What is the word for a place a bear lives?Den
71%
What part of a polar bear's body is toxic to humans due to high concentrations of Vitamin A?The Liver
62%
Complete the analogy: Canine is to dogs as ______ is to bearsUrsine
54%
What constellation, also known as the Great Bear, includes the Big Dipper?Ursa Major
53%
What "lazy" type of bear is found only on the Indian subcontinent and eats mostly insects?{Sloth} Bear
50%
What body fluid of bears is consumed as "medicine" in China?Bile
33%
What is the only species of bear found in South America?{Spectacled} Bear
24%

Score Distribution

Percentile by Number Answered

Percent of People with Each Score

Your Score History

You have not taken this quiz